Normal view
MARC view
- Experian Business Strategies
Entry Corporate Name
001 - CONTROL NUMBER
- control field: 4792
003 - CONTROL NUMBER IDENTIFIER
- control field: OSt
005 - DATE AND TIME OF LATEST TRANSACTION
- control field: 20190806150237.0
008 - FIXED-LENGTH DATA ELEMENTS
- fixed length control field: 051202n| aaannaabn |n ana d
040 ## - CATALOGING SOURCE
- Original cataloging agency: OSt
- Transcribing agency: OSt
110 ## - HEADING--CORPORATE NAME
- Corporate name or jurisdiction name as entry element: Experian Business Strategies
- Subordinate unit: Construction Forecasting and Research Ltd
410 ## - SEE FROM TRACING--CORPORATE NAME
- Corporate name or jurisdiction name as entry element: Construction Forecasting and Research Ltd
670 ## - SOURCE DATA FOUND
- Source citation: Construction forecasts 2006-2008, 2006